[Event "Moscow 07"]
[Site "Moscow"]
[Date "2009.07.17"]
[Round "5"]
[White "Volkov, Sergey"]
[Black "Kurumanov, Petr A"]
[Result "1-0"]
[WhiteElo "2607"]
[BlackElo "2249"]
[PlyCount "97"]
[EventDate "2009.07.13"]
[EventType "tourn"]
[EventRounds "11"]
[EventCountry "RUS"]
[EventCategory "7"]
[SourceTitle "CBM 131 Extra"]
[Source "ChessBase"]
[SourceDate "2009.09.03"]
[SourceVersion "2"]
[SourceVersionDate "2009.09.16"]
[SourceQuality "1"]

1. c4 c6 2. d4 d5 3. e3 Nf6 4. Nf3 e6 5. b3 Bd6 6. Bd3 0-0 7. Nbd2 c5 8. dxc5 Bxc5 9. Bb2 dxc4 10. Nxc4 Bb4+ 11. Ke2 Nbd7 12. Qc2 Be7 13. Rhd1 Qe8 14. Rac1 b6 15. Ng5 h6 16. Nh7 Nxh7 17. Bxh7+ Kh8 18. Be4 Rb8 19. Bc6 f6 20. Kf1 Bc5 21. b4 Bxb4 22. a3 Bc5 23. Qa4 Rf7 24. Qxa7 Ne5 25. Qxb8 Nxc6 26. Qg3 Rd7 27. Kg1 Ba6 28. Qf3 Rc7 29. Nd6 Qf8 30. Ne4 e5 31. h3 Qe7 32. Nxc5 bxc5 33. Qd5 c4 34. Rb1 Kh7 35. a4 Na7 36. Qe4+ g6 37. Bc3 Bb7 38. Qc2 Qc5 39. Bb4 Qc6 40. f3 Qb6 41. Qc3 Qe6 42. Bd6 Rg7 43. Rb4 Ba6 44. Rb6 Bb7 45. Bc7 Bc6 46. Rd6 Qe8 47. Bb8 Bxa4 48. Bxa7 Rxa7 49. Rxf6 1-0

[Event "Moscow 07"]
[Site "Moscow"]
[Date "2009.07.14"]
[Round "2"]
[White "Kurumanov, Petr A"]
[Black "Moiseenko, Vladimir1"]
[Result "1/2-1/2"]
[WhiteElo "2249"]
[BlackElo "2404"]
[PlyCount "27"]
[EventDate "2009.07.13"]
[EventType "tourn"]
[EventRounds "11"]
[EventCountry "RUS"]
[EventCategory "7"]
[SourceTitle "CBM 131 Extra"]
[Source "ChessBase"]
[SourceDate "2009.09.03"]
[SourceVersion "2"]
[SourceVersionDate "2009.09.16"]
[SourceQuality "1"]

1. e4 e6 2. d4 d5 3. exd5 exd5 4. Bd3 Bd6 5. Ne2 Ne7 6. 0-0 0-0 7. c3 Bf5 8. Bf4 c6 9. Qc2 Bg6 10. Nd2 Bxf4 11. Nxf4 Qd6 12. Nxg6 hxg6 13. f4 Nd7 14. Rae1 1/2-1/2